000 00588nam a22002171 4500
001 4529026
003 OSt
005 20240625154158.0
008 721213s1954 ilu 000 0 eng
010 _a 54008152
040 _cMUST
082 0 0 _a658.01 GOU 1954
100 1 _aGouldner, Alvin Ward,
_917878
245 1 0 _aPatterns of industrial bureaucracy.
_cAlvin w. Gouldner
260 _aGlencoe, Ill.,
_bFree Press
_c[1954]
300 _a282 p.
_c22 cm.
504 _aindexes included
650 0 _2Industrial management.
650 0 _aBureaucracy.
_917879
942 _2ddc
_cO_SHELF
999 _c8847
_d8847